000 00268nam a22001217a 4500
008 181030b xxu||||| |||| 00| 0 eng d
041 _aeng
080 _a710
100 _a45
101 _aART
245 _aThe America Traditon Arts
_cRichard .a
942 _2udc
_cBK
999 _c51103
_d51103